S čiarovým kódom na večné časy
Čiarový kód je zatiaľ najdokonalejšia, a preto aj najpoužívanejšia forma označovania a identifikácie tovaru. Obchodníci ho začali používať prví.
Guardado en:
| Autor principal: | |
|---|---|
| Formato: | Capítulo de libro |
| Lenguaje: | eslovaco |
| Materias: | |
| Etiquetas: |
Sin Etiquetas, Sea el primero en etiquetar este registro!
|
MARC
| LEADER | 00000naa a2200000 4500 | ||
|---|---|---|---|
| 001 | 0234140 | ||
| 005 | 20200305103044.8 | ||
| 041 | 0 | |a slo | |
| 044 | |a CZ | ||
| 245 | 1 | 0 | |a S čiarovým kódom na večné časy |c Jozef Oravec |
| 520 | |a Čiarový kód je zatiaľ najdokonalejšia, a preto aj najpoužívanejšia forma označovania a identifikácie tovaru. Obchodníci ho začali používať prví. | ||
| 610 | 2 | 0 | |a označovanie tovarov |
| 610 | 2 | 0 | |a kódy čiarové |
| 100 | 1 | |a Oravec, Jozef | |